To love is to live: (Record no. 5774)

000 -LEADER
fixed length control field 00663nam a2200181 a 4500
001 - CONTROL NUMBER
control field :::00003516$&:&@@
003 - CONTROL NUMBER IDENTIFIER
control field OkBaRHE
005 - DATE AND TIME OF LATEST TRANSACTION
control field 20000607103306.0
008 - FIXED-LENGTH DATA ELEMENTS--GENERAL INFORMATION
fixed length control field s1970 j 000 0 eng u
040 ## - CATALOGING SOURCE
Transcribing agency
100 1# - MAIN ENTRY--PERSONAL NAME
Personal name Zodhiates, Spiros.
245 10 - TITLE STATEMENT
Title To love is to live:
Remainder of title an exposition of I Corinthians 13, based upon the original Greek text.
260 ## - PUBLICATION, DISTRIBUTION, ETC. (IMPRINT)
Place of publication, distribution, etc Grand Rapids, MI., :
Name of publisher, distributor, etc William B. Eerdmans Publishing Co.
Date of publication, distribution, etc 1970
300 ## - PHYSICAL DESCRIPTION
Extent ix, 365 p. ;
Dimensions 20 cm.
650 ## - SUBJECT ADDED ENTRY--TOPICAL TERM
Topical term or geographic name as entry element Bible New Testament First Corinthians 13
General subdivision Commentaries
942 ## - ADDED ENTRY ELEMENTS (KOHA)
Source of classification or shelving scheme
Koha item type Books
Copies
Damaged status Date last seen Source of classification or shelving scheme Date acquired Withdrawn status Permanent Location Shelving location Full call number Not for loan Lost status Price effective from Copy number Barcode Koha item type
 2018-04-03 2010-04-14 RHEMA Bible Training CollegeGeneral StacksBS 2675.3 .Z6  2010-04-1413516Books